Loading...
| Science - Chemistry | 0 | 5 | 0 | 0 | 50 | 75 | 91.60 | 0 | 1 | 0.00 | 0.00 |
| Mythology | 0 | 2 | 0 | 0 | 20 | 110 | 124.50 | 0 | 1 | 0.00 | 0.00 |
| Science - Biology | 0 | 2 | 0 | 1 | 20 | 102 | 111.00 | 1 | 1 | 0.00 | 0.00 |
| Science - Physics | 0 | 2 | 1 | 0 | 15 | 107 | 111.00 | 0 | 0 | 0.00 | 0.00 |
| Other Academic | 0 | 1 | 0 | 0 | 10 | 87 | 87.00 | 0 | 1 | 0.00 | 0.00 |
| Fine Arts - Painting and Sculpture | 0 | 1 | 0 | 0 | 10 | 90 | 90.00 | 1 | 1 | 0.00 | 0.00 |
| History - European | 0 | 1 | 0 | 0 | 10 | 111 | 111.00 | 0 | 0 | 0.00 | 0.00 |
| Science - Other | 0 | 1 | 2 | 0 | 0 | 32 | 32.00 | 1 | 1 | 0.00 | 0.00 |
| History - American | 0 | 0 | 0 | 0 | 0 | 0.00 | 0 | 0 | 0.00 | 0.00 | |
| Fine Arts - Classical Music | 0 | 0 | 2 | 0 | -10 | 0.00 | 0 | 0 | 0.00 | 0.00 |